Proceedings of the Eastern Joint Computer Conference : Papers and discussions presented at the Joint IRE-ACM-AIEE Computer Conference, Washington, D.C., December 9-13, 1957. Theme: Computers with deadlines to meet. Sponsors: The Institute of Radio Engineers Professional Group on Electronic Computers; The Association for Computing Machinery; The American Institute of Electrical Engineers Committee on Computing Devices.

Guardado en:
Autores Corporativos: Institute of Radio Engineers. Professional Group on Electronic Computers., Association for Computing Machinery., American Institute of Electrical Engineers. Committee on Computing Devices.
Formato: Libro
Idioma:English
Publicado: New York : The Institute of Radio Engineers, c1958.
Etiquetas: Agregar Etiqueta
Sin Etiquetas, Sea el primero en etiquetar este registro!
LEADER 01002nam a22001575a 4500
001 MAT.inmabb000929
008 031119s1958####nyu###########101#0#eng#d
005 20180612151738.0
245 1 0 |a Proceedings of the Eastern Joint Computer Conference :  |b Papers and discussions presented at the Joint IRE-ACM-AIEE Computer Conference, Washington, D.C., December 9-13, 1957. Theme: Computers with deadlines to meet. Sponsors: The Institute of Radio Engineers Professional Group on Electronic Computers; The Association for Computing Machinery; The American Institute of Electrical Engineers Committee on Computing Devices. 
260 |a New York :  |b The Institute of Radio Engineers,  |c c1958. 
300 |a 259 p. ;  |c 28 cm. 
710 2 |a Institute of Radio Engineers.  |b Professional Group on Electronic Computers. 
710 2 |a Association for Computing Machinery. 
710 2 |a American Institute of Electrical Engineers.  |b Committee on Computing Devices. 
084 |a 68-XX  |2 msc2000 
859 |h 68  |i P963p-1957  |p A-772  |b BIB. MATEMATICA